000 00347nam a2200133Ia 4500
008 231129s9999||||xx |||||||||||||| ||spa||
020 _a84-7530-360-9
040 _bspa
082 _aE862 B456m
100 _aBenavente Jacinto
245 0 _aLa malquerida ; Senora ama
264 _aOrbis
942 _2ddc
_cBKS
999 _c17552
_d17552